000 00542nam a22001817a 4500
003 CEME
005 20210628205228.0
008 210216b xxu||||| |||| 00| 0 eng d
020 _a0-471-13424-4
040 _c.
082 _a621.38224 KUO'A
100 _aKuo, Sen M Morgan, Dennis R
_974489
245 _aActive noise control systems algorithms amd dsp implementations - with disk
260 _aNEWYORK
_bJOHN WILEY
_c1996
300 _aXIV 389P
650 _aALGORITHIMS SIGNAL PROCESSING DIGITAL TECHNIQUES
_974490
942 _cBK
_2ddc
999 _c580013
_d580013